000 01282nam a2200337 i 4500
001 132959
003 ES-MaACL
005 20260119113050.0
007 t|
008 070214s1921 sp |||| | spa d
080 _a141.332
080 _a21/29
100 1 _aRoso de Luna, Mario,
_d1872-1931
_999794
245 1 0 _aSimbología arcaica :
_bcomentarios a "La doctrina secreta" de H.P. Blavatsky, fundadora de la Sociedad Teosófica /
_c[Mario Roso de Luna].
260 _aMadrid :
_bPueyo,
_c1921 (
_fImp. Helénica)
300 _a382 p. ;
_c25 cm.
490 1 _aObras completas de Mario Roso de Luna ;
_v22
490 1 _aBiblioteca poligráfica blavatsquiana. Serie C ;
_v2
504 _aReferencias bibliográficas.
530 _aDisponible en formato digital.
600 1 4 _aBlavatsky, H. P.,
_d1831-1891
_9148372
650 7 _aTeosofía
_2embne
_917478
650 4 _aSimbolismo.
_917102
650 7 _aReligiones
_2embne
_916814
830 1 _aObras completas de Mario Roso de Luna
_v22
_9186911
830 1 _aBiblioteca poligráfica blavatsquiana. Serie C ;
_v2
_9186912
852 _aES-MaACL
_jC-4334
_cSPAL
856 4 _uhttp://bdh-rd.bne.es/viewer.vm?id=0000074783&page=1
_y(Biblioteca Digital Hispánica)
942 _2udc
999 _c132959
_d132959